000 01393nam a22004217a 4500
001 1051734
003 OSt
005 20210422053205.0
008 900207s1990 nyu b 001 0 eng
010 _a 90006865
020 _a0393028879
020 _a0393306917 (pbk.)
040 _aeng
_cDLC
_deng
_beng
041 1 _aeng
_hhun
043 _ae-hu---
050 0 0 _aHC300.282
_b.K6713 1990
080 _a33
_bK-75
082 0 0 _a338.9439
_220
100 1 _aKornai, János.
240 1 0 _aIndulatos röpirat a gazdasági átmenet ügyėben.
_lEnglish
245 1 4 _aThe road to a free economy :
_bshifting from a socialist system : the example of Hungary /
_c/ by: W. W. Norton and Company
250 _a1st ed.
260 _aNew York :
_bW. W. Norton and Company
_cc1990.
300 _a224 p.
_c22 cm.
365 _b16.95 usd
500 _aRev. translation of: Indulatos röpirat a gazdasági átmenet ügyében.
500 _aIncludes index.
504 _aIncludes bibliographical references (p. 213-217).
650 0 _aCapitalism
_zHungary.
650 0 _aEconomics
_9446
651 0 _aHungary
_xEconomic conditions
_y1989-
651 0 _aHungary
_xEconomic policy
_y1989-
653 _aეკონომიკა
653 _aუნგრეთი
906 _a7
_bcbc
_corignew
_d1
_eocip
_f19
_gy-gencatlg
942 _2udc
_cBK
_e1
999 _c775
_d775